000 00431nam a2200169Ia 4500
008 090711s9999 xx 000 0 und d
082 _b54060
100 _aयंत्रानंद
245 _aवायरमन
260 _c1965
300 _a148
600 _aयंत्रानंद
630 _aवायरमन
700 _aयंत्रानंद
730 _aवायरमन
942 _cBOOK
999 _c288434
_d288434